000 00682nam a22002057a 4500
999 _c7263
_d7263
003 GBCCL
005 20241126110623.0
008 180719b ||||| |||| 00| 0 eng d
020 _a1573100838
040 _cgbc
082 _a268.432
_bRAN
100 _aRankin, Kim
_912855
245 _aCut and Create! Holidays :
_bEasy step-by-step projects that teach scissor skills /
_cKim Rankin
260 _aBuchanan St.:
_bTeaching & Learning Company,
_c1997
300 _aiv, 78 p.;
_bill.,
_c28 cm.
650 _aHandicraft
_xJuvenile literature.
_912856
650 _aChildren's art.
_96877
650 _aCreative activities and seat work
_xJuvenile literature.
_912857
942 _2ddc
_cBK